000 00491cam a2200181u 4500
001 6912680
003 OSt
005 20140718213006.0
008 850515s1939 chl spa
040 _aDLC
_cBMC
_dDLC
082 _a345.83
100 1 _915776
_aRío C., J. Raimundo del
245 1 0 _aElementos de derecho penal.
_cJ. Raimundo del Río C.
260 _aSantiago de Chile
_bNascimento
_c1939
300 _a656 p.
_c22 cm
650 2 4 _aDerecho penal
_zChile
_915771
942 _2ddc
_cBK
999 _c8188
_d8188